000 01077nam a2200229Ia 4500
001 15809
003 GE_BSU
008 181216s||||||||xx |||||||||||||| ||und||
040 _cGE_BSU
080 _a82-93
100 _aჭიჭინაძე, გივი
245 _aთაგვმა კატა დაიჭირა
245 _bლექსები, იგავები, ზღაპრები, პიესები, გამოცანები სკოლამდელი და უმცროსი სასკოლო ასაკის ბავშვთათვის
245 _cრედ.რ.ინანიშვილი. მხ.ვ.მელიქიშვილი
260 _aთბილისი
260 _bნაკადული
260 _c1967
300 _a91გვ. : ილ. ; 16სმ
653 _aთაგვმა კატა დაიჭირა
653 _aლექსები, იგავები, ზღაპრები, პიესები, გამოცანები
942 _cBK
999 _c48906
_d48906